000 01401cam a22001814a 4500
005 20250605163454.0
008 250528s ||||||||||||||||||||||||d
035 _a19959
040 _aGR-AtMCL
_bgre
_dGR-AtMCL
_eAACR2
245 1 _aΕθνική Τράπεζα της Ελλάδος / Απολογισμός 1999
250 _a1999
260 _bΕθνική Τράπεζα Της Ελλάδος
300 _a128
520 _aΧρηματοοικονομικό περιβάλλον, Στρατηγική της Εθνικής Τράπεζας της Ελλάδος και του Ομίλου της, Αύξηση των Εσόδων, Βελτίωση της Αποτελεσματικότητας, Αξιοποίηση των Ευκαιριών Ανάπτυξης, Αναβάθμιση της Ποιότητας των Στοιχείων του Ενεργητικού, Προοπτικές, Χρηματοοικονομική ανάλυση της Εθνικής Τράπεζας της Ελλάδος και του Ομίλου της, Ανάλυση Χρηματοοικονομικών Καταστάσεων της ΕΤΕ για την Οικονομική Χρήση 1999, Παρουσίαση Χρηματοοικονομικών Εταιρειών του Ομίλου, Χρηματοοικονομικές Καταστάσεις.
942 _cBK
999 _c5195
_d5195